Quiz sulla Guyana - Statistics

Statistiche generali
  • Questo quiz è stato fatto 433 volte
  • Il punteggio medio è 10 su 18
Statistiche sulle risposte
Hint Risposta % Corretto
Paesi confinanti Brasile
98%
Suriname
98%
Venezuela
96%
Lingua ufficiale Inglese
95%
Moneta {Dollaro} guyanese
83%
Capitale Georgetown
79%
La Guyana ha la sesta più bassa______di popolazione del mondo Densità
75%
Primo paese a colonizzare la Guyana Paesi bassi
75%
Il principale prodotto esportato è questo metallo Oro
65%
Sport più popolare Cricket
64%
Il 44% della Guyana discende da lavoratori provenienti da questo paese India
41%
Lingua maggiormente parlata Creolo guyanese
40%
Leader di una setta americana il cui seguaci si sono suicidati in massa avvelenandosi nel 1978 Jim Jones
21%
Significato della parola "Guyana" Terra di molte {acque}
21%
Montagne dalla sommità piatta che si trovano in Guyana e nel suo vicino occidentale T{epui}
17%
Fiume più lungo della Guyana, la cui sorgente più lontana è stata scoperta solo nel 2018 Essequibo
16%
Nella Guyana c'è la cascata a salto singolo con più volume d'acqua al mondo Cascate {Kaieteur}
13%
La Guyana e i suoi confinanti sorgono su questa parte della crosta terrestre {Scudo} della Guiana
12%
Nessun quiz corrispondente trovato
Distribuzione punteggi
Percentuale di utenti per punteggio
Percentile per numero di risposta
I tuoi punteggi nel tempo
Non hai fatto questo quiz